| 000 | 00553nam a22001577a 4500 | ||
|---|---|---|---|
| 003 | NUST | ||
| 038 | _aNusrat Nadeem | ||
| 082 | _a200 | ||
| 100 |
_aManzoor, Muhammad Usama _9132645 |
||
| 245 |
_aCold Gas Thrusters-Based Attitude Control for Autonomous Platforms Using Reinforcement Learning/ _c Muhammad Usama Manzoor, |
||
| 264 |
_aIslamabad: _bSEECS NUST. _c2025. |
||
| 650 |
_aMS-Electrical Engineering _923567 |
||
| 700 |
_aSupervisor: Dr. Rafia Mumtaz _996700 |
||
| 856 | _uhttp://10.250.8.41:8080/xmlui/handle/123456789/57047 | ||
| 942 |
_2ddc _cSC |
||
| 999 |
_c615734 _d615734 |
||